El rápido crecimiento de amazon.com (Registro nro. 8286)
[ vista simple ]
| 000 -Cabecera | |
|---|---|
| Campo de control de longitud fija | 00602nam a2200229 b 4500 |
| 005 - Fecha y hora de la última transacción | |
| Campo de control | 20231012142119.0 |
| 008 - Elementos de longitud fija--Información general | |
| Campo de control de longitud fija | 070302s2006 sp | ||| ||spa |
| 020 ## - International Standard Book Number | |
| Número Internacional Estándar del Libro (ISBN) | 8423424839 |
| 041 1# - Idioma | |
| Código de idioma | |
| 082 ## - Clasificación Decimal Dewey | |
| Número de clasificación | 658.049 S741r |
| 100 1# - Entrada principal--Autor personal | |
| Nombre personal | Spector, Robert |
| 9 (RLIN) | 11544 |
| 245 10 - Título propiamente dicho | |
| Título | El rápido crecimiento de amazon.com |
| 260 ## - Pie de imprenta | |
| Lugar de publicación, distribución, etc. | España |
| Nombre del editor, distribuidor, etc. | Deusto |
| Fecha de publicación, distribución, etc. | 2007 |
| 300 ## - Descripción física | |
| Extensión | 288 páginas |
| 440 #0 - Declaración de serie/asiento adicional--título | |
| Título de la serie | Grandes Casos Empresariales |
| 650 #7 - Materia general | |
| Temática (materia general) | Comercio electrónico |
| 650 #7 - Materia general | |
| Temática (materia general) | ESTUDIO DE CASOS |
| 650 #7 - Materia general | |
| Temática (materia general) | SERVICIO AL CLIENTE |
| 650 #7 - Materia general | |
| Temática (materia general) | VENTAS |
| 650 #7 - Materia general | |
| Temática (materia general) | INTERNET |
| 942 ## - Punto de acceso adicional KOHA | |
| Tipo de ítem KOHA | Literatura |
| Fuente del sistema de clasificación o colocación | Dewey Decimal Classification |
| Signatura completa | Código de barras | Tipo de ítem |
|---|---|---|
| 658.049 S741r | 21335 | Literatura |